Visualizzazione normale
Vista MARC
- Testori Giovanni
di Personal Name
Records bibliografici associati: 1
001 - CONTROL NUMBER
- control field: 38401
003 - CONTROL NUMBER IDENTIFIER
- control field: IT-RoPau
005 - DATE AND TIME OF LATEST TRANSACTION
- control field: 20151125220139.0
008 - FIXED-LENGTH DATA ELEMENTS
- fixed length control field: 151125|| aca||aabn | a|a d
040 ## - CATALOGING SOURCE
- Original cataloging agency: IT-RoPau
- Transcribing agency: IT-RoPau
100 ## - HEADING--PERSONAL NAME
- Personal name: Testori Giovanni
- Relator term: (regista)
- Miscellaneous information: Codice regista SPICS: 786
670 ## - SOURCE DATA FOUND
- Source citation: Work cat.: (IT-RoPau)104917: Testori Giovanni Codice regista SPICS: 786 38395, FINE DELLO SCARROZZANTE FINE DELLO SCARROZZANTE (Rif. Codice opera principale : 21690)